000 00725nam a2200229 a 4500
001 000019764
005 20200929170130.0
008 100705s1966 sp r 000 f spa d
040 _aDO-SdBNP
_bspa
_cBNPHU
082 _a839.3136
_bS589n
100 1 _aSimenon, Georges,
_d1903-1989
_942222
245 1 0 _aNovelas de Maigret /
_cGeorges Simenon ; traducción Rafael Perera.
250 _a3a ed.
260 _aMadrid :
_bAguilar,
_c1966.
300 _at. 4 ;
_c18 cm.
500 _aBiblioteca posee tomo 4.
500 _aIncluye referencias bibliográficas y notas al pie de las páginas.
650 4 _aNovela belga
_913814
650 4 _aLiteratura belga
_918345
700 1 _aPerera, Rafael,
_etr.
_942223
049 _aBNGR
999 _c19278
_d19278